[Event "Victoria op"]
[Site "Victoria CAN"]
[Date "2020.01.18"]
[Round "2.12"]
[White "Jacobsen, Henrik"]
[Black "Richardson, Ross"]
[Result "0-1"]
[WhiteElo "1904"]
[BlackElo "1759"]
[PlyCount "44"]
[EventDate "2020.01.17"]
[EventType "swiss"]
[EventRounds "5"]
[EventCountry "CAN"]

1. d4 d5 2. Nf3 e6 3. Bf4 c6 4. e3 f5 5. Bd3 Nf6 6. h3 Bd6 7. Qe2 Bxf4 8. exf4
Qd6 9. Ne5 O-O 10. Nc3 Qb4 11. O-O-O Qxd4 12. Qf3 Qb4 13. g4 Ne4 14. a3 Qc5 15.
Bxe4 fxe4 16. Qg3 b5 17. g5 a5 18. g6 h6 19. Ne2 Nd7 20. Ng4 Nb6 21. Nd4 b4 22.
Nb3 Qd6 0-1

[Event "Victoria op"]
[Site "Victoria CAN"]
[Date "2020.01.18"]
[Round "2.13"]
[White "Sauve, Ronald"]
[Black "Cheng, Louis"]
[Result "0-1"]
[WhiteElo "1794"]
[BlackElo "1892"]
[PlyCount "62"]
[EventDate "2020.01.17"]
[EventType "swiss"]
[EventRounds "5"]
[EventCountry "CAN"]

1. d4 Nf6 2. c4 g6 3. Nc3 Bg7 4. e4 d6 5. Be2 O-O 6. Be3 Nbd7 7. g4 e5 8. d5
Nc5 9. f3 h5 10. g5 Nh7 11. h4 f6 12. Qd2 Rf7 13. Nh3 a5 14. gxf6 Bxh3 15. fxg7
Bg2 16. Rg1 Bxf3 17. Bxf3 Rxf3 18. O-O-O Qxh4 19. Bxc5 dxc5 20. Rxg6 Rf2 21.
Qd3 Qf4+ 22. Kb1 Nf6 23. d6 cxd6 24. Qxd6 Kh7 25. g8=Q+ Rxg8 26. Rxg8 Kxg8 27.
Qe6+ Kg7 28. Rg1+ Ng4 29. Qe7+ Kg6 30. Qxc5 Qd2 31. Nd1 Qc2+ 0-1

[Event "Victoria op"]
[Site "Victoria CAN"]
[Date "2020.01.18"]
[Round "2.14"]
[White "Taylor, Tristan"]
[Black "Sullivan, Brian"]
[Result "1-0"]
[WhiteElo "1880"]
[BlackElo "1524"]
[PlyCount "73"]
[EventDate "2020.01.17"]
[EventType "swiss"]
[EventRounds "5"]
[EventCountry "CAN"]

1. d4 d5 2. Nf3 Nf6 3. e3 e6 4. c4 c6 5. Nbd2 a6 6. b3 Nbd7 7. Bd3 Bd6 8. Bb2
O-O 9. O-O b6 10. Ne5 Bb7 11. Qc2 Rc8 12. Rad1 Qc7 13. f4 c5 14. Nxd7 Qxd7 15.
Qb1 Ne4 16. Nxe4 dxe4 17. Bxe4 f5 18. Bf3 Qe7 19. Qd3 Bxf3 20. Rxf3 Rcd8 21.
Qc2 g5 22. fxg5 Qxg5 23. dxc5 bxc5 24. Rxd6 Rxd6 25. Rg3 Qxg3 26. hxg3 Rfd8 27.
Qc3 R8d7 28. Qh8+ Kf7 29. Qxh7+ Kf8 30. Qh8+ Kf7 31. Qg7+ Ke8 32. Qg8+ Ke7 33.
Qg5+ Ke8 34. g4 Rd1+ 35. Kh2 Re1 36. Qh5+ Kd8 37. Qh4+ 1-0

[Event "Victoria op"]
[Site "Victoria CAN"]
[Date "2020.01.18"]
[Round "2.15"]
[White "Leblanc, Paul"]
[Black "Williamson, Jason"]
[Result "1-0"]
[WhiteElo "1753"]
[BlackElo "1860"]
[PlyCount "53"]
[EventDate "2020.01.17"]
[EventType "swiss"]
[EventRounds "5"]
[EventCountry "CAN"]

1. d4 Nf6 2. c4 g6 3. Nc3 Bg7 4. Nf3 O-O 5. Bg5 c5 6. d5 d6 7. e4 b5 8. cxb5 a6
9. bxa6 Bxa6 10. Bxa6 Rxa6 11. O-O Nbd7 12. Qc2 h6 13. Bd2 Qa8 14. b3 Rc8 15.
Rab1 c4 16. b4 Ng4 17. a4 Nge5 18. Nd4 Kf8 19. b5 Ra5 20. f4 Ng4 21. Nc6 Rxc6
22. bxc6 Nb6 23. e5 Nxd5 24. Nxd5 Rxd5 25. c7 Qa7+ 26. Kh1 Qxc7 27. h3 1-0

[Event "Victoria op"]
[Site "Victoria CAN"]
[Date "2020.01.18"]
[Round "2.21"]
[White "Basko, Yauheni"]
[Black "De Boer, Niels"]
[Result "1-0"]
[WhiteElo "1853"]
[BlackElo "1450"]
[PlyCount "33"]
[EventDate "2020.01.17"]
[EventType "swiss"]
[EventRounds "5"]
[EventCountry "CAN"]

1. e4 c5 2. Nf3 Nc6 3. Bb5 d5 4. exd5 Qxd5 5. Nc3 Qe6+ 6. Ne2 Nf6 7. O-O g6 8.
c3 Bg7 9. d4 cxd4 10. Nexd4 Qd5 11. Qa4 Bd7 12. Re1 Nxd4 13. Nxd4 Qg5 14. Bxg5
h6 15. Bxd7+ Nxd7 16. Bxe7 Be5 17. Rxe5 1-0

[Event "Victoria op"]
[Site "Victoria CAN"]
[Date "2020.01.18"]
[Round "3.11"]
[White "Richardson, Ross"]
[Black "Zheng, Victor"]
[Result "0-1"]
[WhiteElo "1759"]
[BlackElo "1965"]
[PlyCount "42"]
[EventDate "2020.01.17"]
[EventType "swiss"]
[EventRounds "5"]
[EventCountry "CAN"]

1. d4 Nf6 2. c4 g6 3. Nc3 Bg7 4. e4 d6 5. Be2 O-O 6. Bg5 Nbd7 7. Qd2 c5 8. d5
a6 9. a4 Qc7 10. Nf3 e6 11. dxe6 fxe6 12. Rd1 Qb6 13. O-O Rf7 14. h3 Ne8 15.
Be3 Qb4 16. Qc2 Ne5 17. Nxe5 Bxe5 18. f4 Bd4 19. Bxd4 cxd4 20. Na2 Qb6 21. b4
d3+ 0-1

[Event "Victoria op"]
[Site "Victoria CAN"]
[Date "2020.01.18"]
[Round "3.12"]
[White "Cheng, Louis"]
[Black "Taylor, Tristan"]
[Result "0-1"]
[WhiteElo "1892"]
[BlackElo "1880"]
[PlyCount "58"]
[EventDate "2020.01.17"]
[EventType "swiss"]
[EventRounds "5"]
[EventCountry "CAN"]

1. e4 c5 2. Nc3 a6 3. a4 Nc6 4. Bc4 g6 5. f4 d6 6. Nf3 Bg7 7. O-O e6 8. d3 Nge7
9. Kh1 O-O 10. Ba2 b5 11. Ne2 Bb7 12. c3 b4 13. Rb1 Rb8 14. Qc2 Qd7 15. Be3
Rfc8 16. g4 Na5 17. c4 b3 18. Bxb3 Nxb3 19. Qxb3 Bxe4 20. Qc2 Bc6 21. b3 e5 22.
h3 h5 23. Kh2 hxg4 24. Ng5 Nf5 25. Bc1 gxh3 26. Nxh3 Nh4 27. Neg1 Qg4 28. Qf2
Bg2 29. Re1 Nf3+ 0-1

[Event "Victoria op"]
[Site "Victoria CAN"]
[Date "2020.01.18"]
[Round "3.13"]
[White "Xu, Andrew"]
[Black "Leblanc, Paul"]
[Result "1/2-1/2"]
[WhiteElo "1516"]
[BlackElo "1753"]
[PlyCount "88"]
[EventDate "2020.01.17"]
[EventType "swiss"]
[EventRounds "5"]
[EventCountry "CAN"]

1. e4 c6 2. d4 d5 3. Nd2 dxe4 4. Nxe4 Nf6 5. Nxf6+ gxf6 6. Nf3 Bf5 7. Be3 e6 8.
Bd3 Nd7 9. Bxf5 Qa5+ 10. Qd2 Qxf5 11. O-O-O O-O-O 12. Qc3 Nb6 13. Qd3 Qa5 14.
Kb1 Kb8 15. Qb3 Bd6 16. Nd2 f5 17. Nc4 Nxc4 18. Qxc4 f4 19. Bd2 Qd5 20. Qxd5
cxd5 21. f3 Rhg8 22. Rhg1 Rg6 23. Rde1 Rdg8 24. Re2 Rh6 25. g3 Rh3 26. Be1 Rg6
27. Reg2 Rgh6 28. Bd2 Rxh2 29. Rxh2 Rxh2 30. Bxf4 Bxf4 31. gxf4 Rf2 32. c3 Rxf3
33. Rh1 Rxf4 34. Rxh7 Rf2 35. a4 Kc7 36. Ka2 Kc6 37. Ka3 f6 38. Re7 Re2 39. Rf7
f5 40. Rf6 a6 41. b3 b6 42. b4 Re3 43. Kb3 b5 44. a5 Kb7 1/2-1/2

[Event "Victoria op"]
[Site "Victoria CAN"]
[Date "2020.01.18"]
[Round "3.14"]
[White "James, Rowan"]
[Black "Moore, Harry"]
[Result "0-1"]
[WhiteElo "1911"]
[BlackElo "2133"]
[PlyCount "87"]
[EventDate "2020.01.17"]
[EventType "swiss"]
[EventRounds "5"]
[EventCountry "CAN"]

1. e4 e6 2. d3 d5 3. Nd2 Nf6 4. g3 c5 5. Bg2 Nc6 6. Ngf3 Be7 7. O-O O-O 8. Re1
Rb8 9. e5 Nd7 10. Nf1 b5 11. h4 a5 12. a3 a4 13. N1h2 Nb6 14. Bg5 b4 15. axb4
cxb4 16. d4 Nc4 17. Bxe7 Qxe7 18. c3 Nxb2 19. Qb1 bxc3 20. Ng5 f5 21. exf6 gxf6
22. Bxd5 fxg5 23. Bxc6 gxh4 24. Re4 hxg3 25. Rg4+ Kh8 26. Rxg3 Bb7 27. Bxb7
Qxb7 28. Qe1 Qd5 29. Qxc3 Rb3 30. Qc5 Rxg3+ 31. fxg3 Qxc5 32. dxc5 Rc8 33. Ra2
Nd3 34. Rxa4 Rxc5 35. Re4 Rc1+ 36. Nf1 Nc5 37. Re2 Kg7 38. Kg2 Kf7 39. Ne3 Rb1
40. Kf3 Rb3 41. Kg2 Rb5 42. Kf3 h5 43. Ra2 Nd3 44. Ra4 {Black won on move 60.}
0-1

[Event "Victoria op"]
[Site "Victoria CAN"]
[Date "2020.01.18"]
[Round "3.23"]
[White "De Boer, Niels"]
[Black "Jones, Cliff"]
[Result "1-0"]
[WhiteElo "1450"]
[BlackElo "1549"]
[PlyCount "141"]
[EventDate "2020.01.17"]
[EventType "swiss"]
[EventRounds "5"]
[EventCountry "CAN"]

1. c4 g6 2. g3 Bg7 3. d4 c6 4. Bf4 d6 5. b4 e5 6. Be3 Nd7 7. Nf3 Ngf6 8. c5 Nd5
9. Bg5 f6 10. Bd2 Qe7 11. e4 Nc7 12. Na3 exd4 13. cxd6 Qxe4+ 14. Qe2 Qxe2+ 15.
Bxe2 Ne6 16. O-O Nb6 17. Nc2 f5 18. Rad1 Nd5 19. b5 Bd7 20. Bc1 cxb5 21. Ncxd4
Nxd4 22. Nxd4 Nc3 23. Rd2 Bxd4 24. Bb2 Nxe2+ 25. Rxe2+ Kd8 26. Bxd4 b4 27. Bxh8
Bb5 28. Bf6+ Kd7 29. Re7+ Kxd6 30. Rd1+ Kc6 31. Rxh7 Rf8 32. Bg5 a5 33. Rh6 Rg8
34. Re1 Bc4 35. Ra1 Kb5 36. a4+ Kc6 37. Rc1 b5 38. axb5+ Kxb5 39. f3 b3 40. Bf6
a4 41. Bb2 Kb4 42. Rh4 Rc8 43. Bc3+ Kb5 44. Kf2 a3 45. Ba1 b2 46. Bxb2 axb2 47.
Rb1 Kb4 48. Rxb2+ Kc3 49. Rb6 Bf7 50. Ke3 g5 51. Rh7 Re8+ 52. Kf2 Re6 53. Rxe6
Bxe6 54. Ke3 g4 55. Rc7+ Kb4 56. fxg4 fxg4 57. Kf4 Kb5 58. Rg7 Kc5 59. Rxg4 Kd5
60. Rg5+ Kd6 61. h4 Ke7 62. Ke5 Kf7 63. h5 Bb3 64. h6 Bc2 65. Rg4 Kf8 66. Kf6
Bh7 67. Rd4 Ke8 68. Kg7 Bc2 69. h7 Bxh7 70. Kxh7 Kf7 71. Rf4+ 1-0

[Event "Victoria op"]
[Site "Victoria CAN"]
[Date "2020.01.19"]
[Round "4.11"]
[White "Zheng, Victor"]
[Black "Taylor, Tristan"]
[Result "0-1"]
[WhiteElo "1965"]
[BlackElo "1880"]
[PlyCount "166"]
[EventDate "2020.01.17"]
[EventType "swiss"]
[EventRounds "5"]
[EventCountry "CAN"]

1. Nf3 Nf6 2. b3 d5 3. Bb2 Bf5 4. g3 e6 5. Bg2 Bd6 6. c4 O-O 7. O-O Nbd7 8. d3
h6 9. Nbd2 c5 10. Re1 d4 11. Nh4 Qc7 12. Nxf5 exf5 13. e3 Ne5 14. Nf3 dxe3 15.
Nxe5 Bxe5 16. Bxe5 Qxe5 17. fxe3 Rad8 18. Qe2 b6 19. Rad1 Qc3 20. Qd2 Qxd2 21.
Rxd2 Rfe8 22. Bf3 Rd6 23. Kf2 Ne4+ 24. Bxe4 fxe4 25. d4 Red8 26. d5 f5 27. h4
g6 28. Kg2 Kg7 29. Rf2 h5 30. a3 Rc8 31. Rb2 a5 32. Rc1 Kf6 33. Kf2 Ke5 34. Ke2
Rc7 35. Kd2 Rc8 36. Kc3 Rc7 37. Rd1 Rc8 38. Rbd2 Ra8 39. Rb1 Rc8 40. Kb2 Rc7
41. Rc1 Ra7 42. Rc3 Rb7 43. b4 cxb4 44. axb4 b5 45. c5 axb4 46. Rcc2 Rxd5 47.
c6 Rc7 48. Rf2 Kd6 49. Kb3 Rxc6 50. Kxb4 Rd3 51. Rcd2 Rcc3 52. Kxb5 Ke5 53.
Rxd3 Rxd3 54. Re2 Rd1 55. Kc4 Rc1+ 56. Kb3 Rg1 57. Kc3 Rxg3 58. Kd2 Rh3 59. Rg2
Kf6 60. Ke2 Rxh4 61. Kf2 Rh3 62. Rg1 h4 63. Ra1 Rh2+ 64. Kg1 Re2 65. Ra3 Kg5
66. Kf1 Rc2 67. Ra6 h3 68. Kg1 Re2 69. Ra3 Kg4 70. Ra6 g5 71. Ra1 Rxe3 72. Kh1
Re2 73. Kg1 e3 74. Kf1 Rb2 75. Kg1 f4 76. Kh1 f3 77. Rg1+ Kh4 78. Rf1 e2 79.
Re1 f2 80. Kh2 g4 81. Rf1 g3+ 82. Kh1 g2+ 83. Kh2 exf1=N# 0-1

[Event "Victoria op"]
[Site "Victoria CAN"]
[Date "2020.01.19"]
[Round "4.12"]
[White "Leblanc, Paul"]
[Black "Cheng, Louis"]
[Result "0-1"]
[WhiteElo "1753"]
[BlackElo "1892"]
[PlyCount "96"]
[EventDate "2020.01.17"]
[EventType "swiss"]
[EventRounds "5"]
[EventCountry "CAN"]

1. d4 Nf6 2. c4 g6 3. Nc3 Bg7 4. Nf3 O-O 5. Bg5 h6 6. Bh4 c6 7. e4 Qa5 8. Bd3
d5 9. cxd5 cxd5 10. e5 Ne4 11. Qc2 g5 12. Bg3 Bf5 13. Nd2 Nc6 14. Nb3 Qb4 15.
a3 Nxd4 16. axb4 Nxc2+ 17. Bxc2 Nxg3 18. hxg3 Bxc2 19. Nd4 Be4 20. f3 Bxe5 21.
fxe4 Bxd4 22. Nxd5 e6 23. Nc3 Kg7 24. O-O-O Rad8 25. Kc2 Kg6 26. g4 Be5 27.
Rhf1 Rd4 28. Rxd4 Bxd4 29. Rd1 Rd8 30. Nb5 Bb6 31. Rxd8 Bxd8 32. Nxa7 Kf6 33.
Kd3 Ke5 34. Nc8 Kf4 35. Nd6 Kxg4 36. Nxf7 Be7 37. Nxh6+ Kg3 38. Kd4 Bf6+ 39. e5
Be7 40. Nf7 Kxg2 41. Nd6 Kf3 42. Ne4 g4 43. Nd2+ Kf4 44. Nf1 Bxb4 45. Kc4 Be1
46. Kc5 g3 47. Nxg3 Bxg3 48. Kb6 Kxe5 0-1

[Event "Victoria op"]
[Site "Victoria CAN"]
[Date "2020.01.19"]
[Round "4.13"]
[White "Moore, Harry"]
[Black "Struck, Lasse"]
[Result "1/2-1/2"]
[WhiteElo "2133"]
[BlackElo "1751"]
[PlyCount "107"]
[EventDate "2020.01.17"]
[EventType "swiss"]
[EventRounds "5"]
[EventCountry "CAN"]

1. d4 Nf6 2. c4 e6 3. Nc3 Bb4 4. e3 b6 5. Nge2 Ne4 6. Qc2 Bb7 7. Ng3 f5 8. Bd3
Qh4 9. O-O Bxc3 10. bxc3 O-O 11. Ba3 Rf6 12. Be7 Nc6 13. Bxf6 Nxf6 14. d5 Ne5
15. Rfd1 g5 16. Bxf5 exf5 17. Rd4 f4 18. Qf5 Nfg4 19. h3 Rf8 20. hxg4 Nxg4 21.
Qxf8+ Kxf8 22. exf4 c5 23. Re4 Nxf2 24. Kxf2 gxf4 25. Kg1 Qxg3 26. Rf1 Kg7 27.
Rfxf4 Kh6 28. Rf6+ Kg5 29. Rf3 Qd6 30. Re8 Bxd5 31. cxd5 Qxd5 32. Re7 Qd1+ 33.
Rf1 Qd2 34. Rg7+ Kh6 35. Rg3 Qd6 36. Rff3 b5 37. Rg8 Qd1+ 38. Kh2 Qd6+ 39. Rgg3
b4 40. cxb4 cxb4 41. Rd3 Qc7 42. Rd4 Qd8 43. Rxb4 d5 44. Rb7 d4 45. Rbb3 Qd6
46. Kh1 Qe5 47. Rbd3 Qe1+ 48. Kh2 Qe5 49. a4 a5 50. Rd1 Kh5 51. Rdd3 Kh4 52.
Rb3 Qd6 53. Rbf3 Qe5 54. Rd3 1/2-1/2

[Event "Victoria op"]
[Site "Victoria CAN"]
[Date "2020.01.19"]
[Round "4.16"]
[White "Basko, Yauheni"]
[Black "Richardson, Ross"]
[Result "0-1"]
[WhiteElo "1853"]
[BlackElo "1759"]
[PlyCount "48"]
[EventDate "2020.01.17"]
[EventType "swiss"]
[EventRounds "5"]
[EventCountry "CAN"]

1. e4 c6 2. d4 d5 3. exd5 cxd5 4. Bd3 Nc6 5. c3 Qc7 6. Qb3 e6 7. Nf3 Bd6 8. O-O
Nge7 9. Nbd2 Bd7 10. Re1 h6 11. c4 Na5 12. Qc3 dxc4 13. Nxc4 Nxc4 14. Bxc4 Rc8
15. Bb3 O-O 16. Qd3 a6 17. Ne5 Bb5 18. Qg3 Nf5 19. Qg4 Bxe5 20. dxe5 Rfd8 21.
Bf4 Rd4 22. Rac1 Qxc1 23. Bxc1 Rxg4 24. f4 Nh4 0-1

[Event "Victoria op"]
[Site "Victoria CAN"]
[Date "2020.01.19"]
[Round "4.17"]
[White "Sauve, Ronald"]
[Black "James, Rowan"]
[Result "0-1"]
[WhiteElo "1794"]
[BlackElo "1911"]
[PlyCount "106"]
[EventDate "2020.01.17"]
[EventType "swiss"]
[EventRounds "5"]
[EventCountry "CAN"]

1. d4 d5 2. c4 e6 3. Nc3 Nf6 4. Nf3 Be7 5. g3 O-O 6. cxd5 exd5 7. Bg2 c6 8. O-O
Be6 9. Re1 Nbd7 10. e4 dxe4 11. Nxe4 Nxe4 12. Rxe4 Nf6 13. Re1 Bd5 14. Ne5 Bxg2
15. Kxg2 Qd5+ 16. Qf3 Qxf3+ 17. Kxf3 Nd5 18. a3 Bf6 19. Nd7 Rfd8 20. Nxf6+ Nxf6
21. Re7 Rd7 22. Rxd7 Nxd7 23. Be3 Nb6 24. Rc1 Rd8 25. Ke4 f6 26. h4 Kf7 27. b4
Rd7 28. Rc5 Rd5 29. Rc2 Ke6 30. Rc1 a5 31. Kd3 axb4 32. axb4 Rb5 33. Rb1 Nd5
34. Bd2 Kf7 35. Kc4 Kg6 36. Ra1 Kf5 37. Re1 Kg4 38. Rb1 Kf3 39. Be1 Ke2 40. Ra1
h5 41. Rb1 g5 42. hxg5 fxg5 43. Ra1 h4 44. gxh4 gxh4 45. f4 h3 46. Bc3 Nxc3 47.
Rh1 Rh5 48. Kxc3 Kf3 49. Kc4 Kg2 50. Rd1 h2 51. Rd2+ Kf3 52. Rxh2 b5+ 53. Kd3
Rxh2 0-1

[Event "Victoria op"]
[Site "Victoria CAN"]
[Date "2020.01.19"]
[Round "4.19"]
[White "Tate, William"]
[Black "Forman, Ken"]
[Result "1/2-1/2"]
[WhiteElo "1689"]
[BlackElo "1636"]
[PlyCount "84"]
[EventDate "2020.01.17"]
[EventType "swiss"]
[EventRounds "5"]
[EventCountry "CAN"]

1. d4 Nf6 2. Nf3 g6 3. g3 Bg7 4. Bg2 O-O 5. O-O d6 6. c4 Nbd7 7. Nc3 c6 8. e4
e5 9. d5 c5 10. h3 a6 11. Be3 Rb8 12. a4 b6 13. Qd2 Re8 14. Bh6 Bh8 15. Rab1
Nf8 16. b4 Bd7 17. Qc2 Nh5 18. bxc5 bxc5 19. Rxb8 Qxb8 20. Rb1 Qc7 21. Qb3 Bc8
22. Qb6 Qe7 23. Bg5 Bf6 24. Be3 Nd7 25. Qa7 Qd8 26. h4 Be7 27. Bh3 Nhf6 28. Kg2
Kg7 29. Bg5 h6 30. Bxf6+ Nxf6 31. Bxc8 Qxc8 32. Rb7 Kf8 33. Qxa6 Qg4 34. Nd2 g5
35. hxg5 Nh5 36. Rxe7 Rxe7 37. gxh6 Nf4+ 38. Kf1 Qh3+ 39. Ke1 Qh1+ 40. Nf1 Nd3+
41. Ke2 Nc1+ 42. Ke1 Nd3+ 1/2-1/2

[Event "Victoria op"]
[Site "Victoria CAN"]
[Date "2020.01.19"]
[Round "4.20"]
[White "Jacobsen, Henrik"]
[Black "Cordon, Ian"]
[Result "0-1"]
[WhiteElo "1904"]
[BlackElo "1995"]
[PlyCount "68"]
[EventDate "2020.01.17"]
[EventType "swiss"]
[EventRounds "5"]
[EventCountry "CAN"]

1. d4 Nf6 2. Nf3 b6 3. Bf4 Bb7 4. e3 e6 5. Bd3 c5 6. c3 d5 7. Nbd2 Be7 8. h3
O-O 9. Ne5 Nbd7 10. Qf3 Nxe5 11. dxe5 Nd7 12. Qg3 f5 13. Nf3 Kh8 14. O-O-O Rg8
15. h4 c4 16. Be2 Nc5 17. Ng5 Qe8 18. Rd4 b5 19. Qh3 h6 20. g4 g6 21. gxf5 gxf5
22. Nf3 Qh5 23. Rdd1 Bf8 24. Nd4 Qe8 25. Rdg1 Bg7 26. Rh2 a6 27. Rhg2 Kh7 28.
Qg3 Qf7 29. Qg6+ Qxg6 30. Rxg6 Rae8 31. Kc2 Bc8 32. Bh5 Bd7 33. Ne2 Rb8 34. Ng3
Be8 0-1

[Event "Victoria op"]
[Site "Victoria CAN"]
[Date "2020.01.19"]
[Round "4.21"]
[White "Diemecke, Pablo"]
[Black "De Boer, Niels"]
[Result "1-0"]
[WhiteElo "1708"]
[BlackElo "1450"]
[PlyCount "65"]
[EventDate "2020.01.17"]
[EventType "swiss"]
[EventRounds "5"]
[EventCountry "CAN"]

1. e4 c6 2. d4 d5 3. e5 e6 4. Nf3 Ne7 5. Bd3 Nf5 6. O-O b6 7. a3 Be7 8. Nc3 a5
9. Bd2 Ba6 10. Qe2 O-O 11. Nd1 Bxd3 12. Qxd3 g6 13. Ne3 c5 14. c3 c4 15. Qe2
Nc6 16. Ng4 g5 17. h3 h5 18. Ngh2 g4 19. hxg4 hxg4 20. Nxg4 Kg7 21. g3 Rh8 22.
Kg2 Nh4+ 23. gxh4 Bxh4 24. Rh1 Qg8 25. Nxh4 f5 26. exf6+ Kf7 27. Rag1 Ra7 28.
Kf1 Ke8 29. Ne5 Qxg1+ 30. Kxg1 Rah7 31. Bg5 Rh5 32. f4 Nxe5 33. Qxe5 1-0

[Event "Victoria op"]
[Site "Victoria CAN"]
[Date "2020.01.19"]
[Round "4.23"]
[White "Mergal, Primo"]
[Black "Afshar, Amir"]
[Result "0-1"]
[WhiteElo "1206"]
[BlackElo "1613"]
[PlyCount "108"]
[EventDate "2020.01.17"]
[EventType "swiss"]
[EventRounds "5"]
[EventCountry "CAN"]

1. e4 c5 2. Nf3 d6 3. c3 Nf6 4. d4 cxd4 5. Qxd4 Nc6 6. Qa4 Bd7 7. Qc2 Rc8 8.
Qd3 a6 9. Be2 g6 10. h3 Bg7 11. Be3 O-O 12. O-O Qc7 13. Nbd2 Rfd8 14. Nc4 Qb8
15. Nb6 Rc7 16. Nd5 Nxd5 17. exd5 Ne5 18. Nxe5 Bxe5 19. Bb6 Rdc8 20. Bxc7 Rxc7
21. Rae1 Qf8 22. Qe3 Qc8 23. Qg5 Bf6 24. Qe3 Rc5 25. Bf3 Bb5 26. Be2 Rxd5 27.
Bxb5 Rxb5 28. Re2 Qc4 29. a3 Re5 30. Qf3 Qxe2 31. Qxb7 Qb5 32. Qxb5 Rxb5 33.
Rb1 Bxc3 34. b4 a5 35. Rb3 axb4 36. axb4 Be5 37. g3 d5 38. Kf1 Bd6 39. Ke2 Rxb4
40. Rd3 e6 41. f4 Ra4 42. Kf3 Ra3 43. Ke2 Rxd3 44. Kxd3 h5 45. Ke3 Kf8 46. Kf3
f5 47. Ke3 Bc5+ 48. Kf3 Ke7 49. g4 hxg4+ 50. hxg4 fxg4+ 51. Kxg4 Kf6 52. Kf3
Kf5 53. Kg3 d4 54. Kf3 Bd6 0-1

[Event "Victoria op"]
[Site "Victoria CAN"]
[Date "2020.01.19"]
[Round "5.11"]
[White "Taylor, Tristan"]
[Black "Richardson, Ross"]
[Result "1/2-1/2"]
[WhiteElo "1880"]
[BlackElo "1759"]
[PlyCount "36"]
[EventDate "2020.01.17"]
[EventType "swiss"]
[EventRounds "5"]
[EventCountry "CAN"]

1. Nf3 Nf6 2. d4 e6 3. c4 b6 4. g3 Ba6 5. b3 c6 6. Bg2 d5 7. Qc2 Be7 8. O-O O-O
9. Re1 Nbd7 10. Nbd2 Rc8 11. e4 dxe4 12. Ng5 h6 13. Ngxe4 Nxe4 14. Nxe4 Nf6 15.
Bb2 Nxe4 16. Bxe4 Bf6 17. Rad1 Qc7 18. Qc1 Bb7 1/2-1/2

[Event "Victoria op"]
[Site "Victoria CAN"]
[Date "2020.01.19"]
[Round "5.12"]
[White "Cheng, Louis"]
[Black "Zheng, Victor"]
[Result "1-0"]
[WhiteElo "1892"]
[BlackElo "1965"]
[PlyCount "101"]
[EventDate "2020.01.17"]
[EventType "swiss"]
[EventRounds "5"]
[EventCountry "CAN"]

1. e4 c5 2. Nf3 d6 3. d4 cxd4 4. Nxd4 Nf6 5. Nc3 a6 6. Bg5 e6 7. f4 Be7 8. Qf3
Qc7 9. O-O-O Nbd7 10. Kb1 b5 11. Bxf6 Bxf6 12. e5 Bb7 13. Ndxb5 axb5 14. Nxb5
Bxf3 15. Nxc7+ Kd8 16. Nxa8 Bxd1 17. exf6 gxf6 18. Bb5 Bh5 19. Bxd7 Kxd7 20.
Nb6+ Kc6 21. Nc4 Rg8 22. Ne3 d5 23. g3 d4 24. Nc4 Be2 25. Na5+ Kd5 26. Nb3 e5
27. fxe5 fxe5 28. Kc1 f5 29. Kd2 Bb5 30. c3 d3 31. Nc1 e4 32. Rf1 Ke5 33. Nb3
h5 34. Rf4 Ra8 35. a3 Rh8 36. Nd4 Bd7 37. Rh4 Rb8 38. b3 Ra8 39. a4 Be8 40. Rf4
Bd7 41. Rh4 Be8 42. h3 Kf6 43. Rf4 Bd7 44. Nxf5 Ke5 45. Ne3 Rg8 46. Nc4+ Ke6
47. Rxe4+ Kf6 48. Rf4+ Bf5 49. Ne3 Rxg3 50. Rxf5+ Ke6 51. Rxh5 1-0

[Event "Victoria op"]
[Site "Victoria CAN"]
[Date "2020.01.19"]
[Round "5.14"]
[White "James, Rowan"]
[Black "Leblanc, Paul"]
[Result "1-0"]
[WhiteElo "1911"]
[BlackElo "1753"]
[PlyCount "65"]
[EventDate "2020.01.17"]
[EventType "swiss"]
[EventRounds "5"]
[EventCountry "CAN"]

1. e4 c6 2. d4 d5 3. Nc3 dxe4 4. Nxe4 Nf6 5. Nxf6+ gxf6 6. Nf3 Bf5 7. Bd3 e6 8.
Be3 Nd7 9. Bxf5 Qa5+ 10. Qd2 Qxf5 11. O-O-O Rg8 12. Rhg1 Bd6 13. Qd3 Qxd3 14.
Rxd3 f5 15. g3 f4 16. Bxf4 Bxf4+ 17. gxf4 Rxg1+ 18. Nxg1 O-O-O 19. Nf3 h6 20.
Ne5 Nxe5 21. fxe5 Rg8 22. Rg3 Rxg3 23. fxg3 c5 24. dxc5 Kc7 25. Kd2 Kc6 26. Ke3
Kxc5 27. g4 Kd5 28. Kf4 b6 29. h4 a6 30. h5 b5 31. g5 hxg5+ 32. Kxg5 Kxe5 33.
h6 1-0

[Event "Victoria op"]
[Site "Victoria CAN"]
[Date "2020.01.19"]
[Round "5.16"]
[White "Williamson, Jason"]
[Black "Taylor, Ashton"]
[Result "1-0"]
[WhiteElo "1860"]
[BlackElo "1810"]
[PlyCount "32"]
[EventDate "2020.01.17"]
[EventType "swiss"]
[EventRounds "5"]
[EventCountry "CAN"]

1. e4 e5 2. Nf3 Nc6 3. Bb5 Nf6 4. d3 Bc5 5. O-O d6 6. c3 O-O 7. h3 a6 8. Ba4 h6
9. Nbd2 b5 10. Bb3 Na5 11. Bc2 Nc6 12. b4 Bb6 13. Re1 Qd7 14. Nf1 Nh7 15. Be3
f5 16. Bxb6 cxb6 {Notational issues - White won on move 25.} 1-0

[Event "Victoria op"]
[Site "Victoria CAN"]
[Date "2020.01.19"]
[Round "5.21"]
[White "De Boer, Niels"]
[Black "Jacobsen, Henrik"]
[Result "0-1"]
[WhiteElo "1450"]
[BlackElo "1904"]
[PlyCount "52"]
[EventDate "2020.01.17"]
[EventType "swiss"]
[EventRounds "5"]
[EventCountry "CAN"]

1. c4 Nf6 2. Nc3 g6 3. g3 Bg7 4. Bg2 O-O 5. d3 d6 6. f3 e5 7. f4 Be6 8. b3 Nc6
9. Bxc6 bxc6 10. fxe5 Ng4 11. Ba3 Bxe5 12. d4 Bg7 13. Qd2 Qf6 14. Nf3 Rfe8 15.
Ne4 Qf5 16. Neg5 Bd7 17. O-O-O Ne3 18. Rde1 h6 19. Nh4 Qxg5 20. c5 dxc5 21.
Bxc5 a5 22. Nf3 Qd5 23. Qd3 a4 24. h4 Bf5 25. Qc3 axb3 26. axb3 Ra2 0-1

[Event "Winnipeg TNT 2020.01"]
[Site "Winnipeg CAN"]
[Date "2020.01.07"]
[Round "1.1"]
[White "Baron, Gustav"]
[Black "Piche, Zachary"]
[Result "1-0"]
[WhiteElo "2138"]
[BlackElo "1540"]
[PlyCount "51"]
[EventDate "2020.01.07"]
[EventType "swiss"]
[EventRounds "4"]
[EventCountry "CAN"]

1. e4 c5 2. b4 cxb4 3. a3 e6 4. axb4 Bxb4 5. c3 Be7 6. d4 Nf6 7. Bd3 a6 8. Ba3
Bxa3 9. Nxa3 b5 10. Nxb5 Nc6 11. Nd6+ Ke7 12. e5 Nd5 13. Qd2 h6 14. f4 Kf8 15.
Nf3 Na5 16. Ra3 Nb7 17. c4 Nxd6 18. cxd5 Nb7 19. d6 Qb6 20. O-O f6 21. Rb1 Qd8
22. Be4 Rb8 23. Rab3 Kf7 24. Bxb7 Bxb7 25. Rxb7 Qc8 26. Rxb8 1-0

[Event "Winnipeg TNT 2020.01"]
[Site "Winnipeg CAN"]
[Date "2020.01.07"]
[Round "1.2"]
[White "Ford, Stephen"]
[Black "Babb, Jeff"]
[Result "0-1"]
[WhiteElo "1521"]
[BlackElo "2112"]
[PlyCount "112"]
[EventDate "2020.01.07"]
[EventType "swiss"]
[EventRounds "4"]
[EventCountry "CAN"]

1. e4 d5 2. exd5 Qxd5 3. Nc3 Qd6 4. Nf3 Bg4 5. d3 Nc6 6. Be3 Nf6 7. Be2 a6 8.
h3 Bxf3 9. Bxf3 g6 10. O-O Bg7 11. Qd2 O-O 12. a3 Rad8 13. Bf4 e5 14. Be3 b6
15. Rad1 Nd4 16. Bxd4 Qxd4 17. Rfe1 Rfe8 18. Qe3 Qxe3 19. Rxe3 Kf8 20. Rde1 Ng8
21. Kf1 Ne7 22. g4 Rd4 23. Ne2 Rd6 24. Ng3 Nd5 25. Bxd5 Rxd5 26. f4 f6 27. fxe5
Rdxe5 28. Rxe5 fxe5 29. Ne4 Kg8 30. Kg2 Re6 31. Rf1 Rc6 32. Rf2 Re6 33. Re2 Re8
34. Nc3 Rd8 35. Na2 e4 36. Rxe4 Bxb2 37. a4 Rd4 38. Rxd4 Bxd4 39. c3 Bf6 40.
Kf3 Kf7 41. d4 Ke6 42. Ke4 Kd6 43. c4 c6 44. Nc3 c5 45. dxc5+ Kxc5 46. Nd5 Bd8
47. Kd3 b5 48. axb5 axb5 49. Nf4 bxc4+ 50. Kc2 Be7 51. Ng2 Kd4 52. Ne1 Ke3 53.
Kc3 Kf2 54. Nc2 Kg3 55. Kxc4 Kxh3 56. Ne3 Bg5 0-1